Thực hành tiếng anh trong kiến trúc và xây dựng

שמור ב:
מידע ביבליוגרפי
מחבר ראשי: Đỗ, Văn Thái
פורמט: ספר
שפה:Undetermined
יצא לאור: Hà Nội Khoa học và Kỹ thuật 1999
נושאים:
תגים: הוספת תג
אין תגיות, היה/י הראשונ/ה לתייג את הרשומה!
Thư viện lưu trữ: Trung tâm Học liệu Trường Đại học Cần Thơ
LEADER 00600nam a2200205Ia 4500
001 CTU_62624
008 210402s9999 xx 000 0 und d
020 |b 25000 
082 |a 428.24 
082 |b Th103 
100 |a Đỗ, Văn Thái 
245 0 |a Thực hành tiếng anh trong kiến trúc và xây dựng 
245 0 |c Đỗ Văn Thái 
260 |a Hà Nội 
260 |b Khoa học và Kỹ thuật 
260 |c 1999 
650 |a english language 
650 |x study and teaching 
904 |i Minh 
980 |a Trung tâm Học liệu Trường Đại học Cần Thơ